| 000 | 00693nam a2200205Ii 4500 | ||
|---|---|---|---|
| 003 | JO-AjNU | ||
| 008 | 230605s9999||||xx |||||||||||||| ||und|| | ||
| 017 | _a1990/8/553 | ||
| 040 |
_aJO-AjNU _bara _erda _cJO-AjNU |
||
| 041 | _aara | ||
| 050 | 1 | 4 | _aPJ6161.A2888 1990 |
| 100 | 3 |
_aتأليف أبو عجمية،محمود أحمد؛م.مشارك : محمد صايل حمدان، محمود مهيدات, _eauthor _918412 |
|
| 245 | 0 | 0 | _aعلوم البلاغة |
| 264 | 3 | 1 | _aعمان: د.ن، 1990 |
| 300 | _a164ص | ||
| 336 |
_atext _btxt _2rdacontent |
||
| 337 |
_aunmediated _bn _2rdamedia |
||
| 338 |
_avolume _bnc _2rdacarrier |
||
| 650 | 4 |
_aاللغة العربية-البلاغة _918413 |
|
| 999 |
_aA5883 _c9451 _d9451 |
||